书目信息 |
| 题名: |
增塑剂化学品生产配方和合成工艺
|
|
| 作者: | 汪多仁 主编 | |
| 分册: | ||
| 出版信息: | 北京 科学技术文献出版社 1999.08 |
|
| 页数: | 407页 | |
| 开本: | 32开 | |
| 丛书名: | ||
| 单 册: | ||
| 中图分类: | TQ44 | |
| 科图分类: | ||
| 主题词: | 化学肥料 , 肥料工业 | |
| 电子资源: | ||
| ISBN: | 7-5023-3289-8 | |
| 000 | 00597nam0 2200193 45 | |
| 001 | 0009301552 | |
| 005 | 20000930152221.0 | |
| 010 | @a7-5023-3289-8@d20.00元 | |
| 100 | @a20000930d1999 km y0chiy0120 ea | |
| 101 | 0 | @achi |
| 200 | 1 | @a增塑剂化学品生产配方和合成工艺@AZeng Su Ji Hua Xue Pin Sheng Chan Pei Fang He He Cheng Gong Yi@f汪多仁主编@FWang Duo Ren Zhu Bian |
| 210 | @a北京@c科学技术文献出版社@d1999.08 | |
| 215 | @a407页@d32开 | |
| 606 | 0 | @a化学肥料 |
| 606 | 0 | @a肥料工业 |
| 690 | @aTQ44@v3 | |
| 701 | 0 | @a汪多仁@4主编 |
| 801 | @aCN@bPftUser@c20000930 | |
| 905 | @b160456-460@dTQ44@eW702@f5 | |
| 增塑剂化学品生产配方和合成工艺/汪多仁主编.-北京:科学技术文献出版社,1999.08 |
| 407页;32开 |
| ISBN 7-5023-3289-8:20.00元 |
| ● |
| 相关链接 |
|
|
|
正题名:增塑剂化学品生产配方和合成工艺
索取号:TQ44/W702
 
预约/预借
| 序号 | 登录号 | 条形码 | 馆藏地/架位号 | 状态 | 备注 |
| 1 | 160457 | 201604576 | 期刊室512/501自科库 91排1列1层/ [索取号:TQ44/W702] | 在馆 | |
| 2 | 160458 | 201604585 | 期刊室512/501自科库 91排1列1层/ [索取号:TQ44/W702] | 在馆 | |
| 3 | 160465 | 201604656 | 自科二线504/504自科库 44排1列3层/ [索取号:TQ44/W702] | 在馆 | |
| 4 | 160466 | 201604665 | 自科库501/501自科库 39排5列5层/ [索取号:TQ44/W702] | 在馆 | |
| 5 | 160467 | 201604674 | 自科库501/501自科库 39排5列5层/ [索取号:TQ44/W702] | 在馆 | |
| 6 | 160468 | 201604683 | 自科二线504/504自科库 43排1列2层/ [索取号:TQ44/W702] | 在馆 | |
| 7 | 160469 | 201604692 | 自科二线504/504自科库 43排1列2层/ [索取号:TQ44/W702] | 在馆 |